Statistics for Primeira Liga Top 4 (Portuguese Football)

Click here to take the quiz!

General Stats

  • This quiz has been taken 3,044 times
  • The average score is 8 of 17

Answer Stats

Team% Correct
FC Porto
100%
SL Benfica
99%
Sporting CP
98%
SC Braga
89%
Boavista FC
66%
Vitória de Guimarães
63%
Vitória de Setúbal
53%
Os Belenenses
45%
GD Estoril
36%
Académica de Coimbra
35%
Paços de Ferreira
35%
CD Nacional
30%
SC Olhanense
11%
Atlético CP
9%
GD Fabril
9%
FC Barreirense
6%
Os Unidos
3%

Score Distribution

Percentile by Number Answered

Percent of People with Each Score

Your Score History

You have not taken this quiz